000 00522nam a22002051a 4500
001 461
003 OSt
005 20260204211653.0
008 031127s1979||||xxu||||||b||||||||||spa||
020 _a0538222107
050 _a302.2 F39c
082 _a302.2 F39c
100 _aFernández Sosa, Luís
245 _aComunicación / Luís Fernández Sosa
264 _aEstados Unidos de América : South--Wester Publishing
300 _a217 p.
500 _aIncluye indice
650 _a1.ComunicaciónÌ
942 _2ddc
_cBK
999 _c461
_d461